Cẩm nang công tác tuyển dụng, sử dụng, quản lý và tổ chức thi nâng ngạch công chức, viên chức

Сохранить в:
Библиографические подробности
Формат:
Язык:Undetermined
Опубликовано: Hà Nội Tài chính 2012
Предметы:
Метки: Добавить метку
Нет меток, Требуется 1-ая метка записи!
Thư viện lưu trữ: Trung tâm Học liệu Trường Đại học Cần Thơ
LEADER 00631nam a2200181Ia 4500
001 CTU_184170
008 210402s9999 xx 000 0 und d
020 |c 325000 
082 |a 352.65 
082 |b C120 
245 0 |a Cẩm nang công tác tuyển dụng, sử dụng, quản lý và tổ chức thi nâng ngạch công chức, viên chức 
245 0 |c Bộ tài chính 
260 |a Hà Nội 
260 |b Tài chính 
260 |c 2012 
650 |a Personnel management,Employment tests,Quản lý nhân sự 
904 |i Hải 
980 |a Trung tâm Học liệu Trường Đại học Cần Thơ